| 000 | 00821nam a2200229Ii 4500 | ||
|---|---|---|---|
| 003 | JO-AjNU | ||
| 008 | 230605s9999||||xx |||||||||||||| ||und|| | ||
| 017 | _a2008/01/248 | ||
| 020 | _a9957-07-568-2 | ||
| 040 |
_aJO-AjNU _bara _erda _cJO-AjNU |
||
| 041 | _aara | ||
| 050 | 1 | 4 | _aLC3969.K434 2009 |
| 100 | 3 |
_aالخطيب،جمال مؤلف/الحديدي،منى م.مشارك, _eauthor _922866 |
|
| 245 | 0 | 0 | _aمناهج وأساليب في التربية الخاصة |
| 250 | _aط1 | ||
| 264 | 3 | 1 | _aعمان:دار الفكر،2009 |
| 300 | _a320ص | ||
| 336 |
_atext _btxt _2rdacontent |
||
| 337 |
_aunmediated _bn _2rdamedia |
||
| 338 |
_avolume _bnc _2rdacarrier |
||
| 650 | 4 |
_a المعوقون-تعليم. التربية الخاصة-مناهج. التربية الخاصة-طرق التدريس. _922867 |
|
| 999 |
_aA8185 _c11753 _d11753 |
||